[Event "Cairns Cup 2019"]
[Site "Saint Louis"]
[Date "2019.02.10"]
[Round "5.5"]
[White "Paehtz, Elisabeth"]
[Black "Dzagnidze, Nana"]
[Result "1/2-1/2"]
[WhiteElo "2466"]
[BlackElo "2513"]
[Annotator "TA"]
[PlyCount "82"]
[EventDate "2019.02.06"]
[EventType "tourn"]
[EventCountry "USA"]
[SourceTitle "playchess.com"]
[Source "ChessBase"]
[SourceQuality "1"]

{[%evp 19,82,0,14,0,7,12,15,-6,14,-69,44,38,35,41,54,49,58,49,51,59,57,0,0,0,0,0,28,0,43,0,0,0,75,39,39,45,161,171,248,256,292,135,177,126,124,125,125,125,125,125,132,133,148,148,147,84,143,36,36,0,38,0,42,0,62]} 1. e4 c5 2. Nf3 d6 3. d4 cxd4 4. Nxd4 Nf6 5. Nc3 a6 6. f3 e5 7. Nb3 Be6 8. Be3 h5 9. Qd2 Nbd7 10. O-O-O Be7 11. h4 {B90: Sicilian Najdorf: Unusual White 6th moves, 6 Be3 Ng4 and 6 Be3 e5} (11. Nd5 Nxd5 12. exd5 Bf5 13. Bd3 Bxd3 14. Qxd3 Bg5 15. Kb1 Bxe3 16. Qxe3 Rc8 17. h4 Nf6 18. Qd3 Qc7 {1-0 (32) Aronian,L (2767)-Dominguez Perez,L (2739) Saint Louis 2018}) 11... Qc7 12. Kb1 b5 13. a3 $146 ({Predecessor:} 13. Nd5 Bxd5 14. exd5 Nb6 15. Bxb6 Qxb6 16. Na5 Rc8 17. Bd3 Bd8 18. Nc6 Nxd5 19. Nxd8 Rxd8 20. Bxb5+ Qxb5 21. Qxd5 Qxd5 22. Rxd5 {½-½ (27) Kazantsev,R (2339)-Glukhovtsev,S (2346) ICCF email 2010}) 13... Rb8 14. Nc1 (14. Nd5 $11 Bxd5 15. exd5) 14... Qc6 (14... b4 $15 15. axb4 Rxb4) 15. Nd5 $14 Bxd5 16. exd5 Qb7 17. Na2 Bd8 18. Nb4 Ba5 19. Bg5 Rc8 20. Bxf6 ({White should try} 20. Bd3 $14) 20... Nxf6 $11 21. Bd3 Bxb4 22. axb4 Qb6 (22... Qxd5 $6 23. Qg5 $16) 23. Rhe1 O-O 24. g4 hxg4 25. fxg4 {[%cal Bf3g4,Bg4g5][%mdl 32]} Rce8 (25... Nxg4 $2 26. Qg5 $16) (25... Qd4 $11 {remains equal.}) 26. Bf5 e4 27. g5 Nh5 (27... e3 $14 28. Qg2 Nh5) 28. Bxe4 $18 g6 (28... Ng3 {was worth a try.}) 29. Bf3 Ng7 {[#]} 30. Bg4 (30. h5 $1 $18) 30... Qa7 31. b3 (31. h5 $18 {Hoping for Rxe8.} gxh5 32. Rh1) 31... Rxe1 $16 32. Rxe1 Re8 33. Rxe8+ Nxe8 34. Kb2 Qg1 35. Qf4 Nc7 36. Bf3 {aiming for h5.} ({Of course not} 36. Qxd6 $6 Qd4+ 37. Kb1 Nxd5 $11) 36... Qf2 {[#]} 37. Qg4 (37. h5 $142 $1 {[%cal Rh5g6] Black must now prevent hxg6.} gxh5 38. Qf5 (38. Qxd6 Qxf3 39. Qxc7 Qxd5 $11)) 37... Kf8 (37... Kg7 $142) 38. Qe4 ({Better is} 38. h5 $16 gxh5 39. Qf4 (39. Qxh5 Qd4+ 40. Kb1 Nxd5 $11)) 38... Qd2 $14 39. Bg2 Kg8 40. Bf3 Kf8 $1 41. Bg2 Kg8 {Precision: White = 38%, Black = 35%.} 1/2-1/2

[Event "Cairns Cup 2019"]
[Site "Saint Louis"]
[Date "2019.02.12"]
[Round "6.1"]
[White "Krush, Irina"]
[Black "Kosteniuk, Alexandra"]
[Result "1/2-1/2"]
[WhiteElo "2435"]
[BlackElo "2532"]
[Annotator "TA"]
[PlyCount "66"]
[EventDate "2019.02.06"]
[EventType "tourn"]
[EventCountry "USA"]
[SourceTitle "playchess.com"]
[Source "ChessBase"]
[SourceQuality "1"]

{[%evp 17,66,33,22,22,58,68,57,50,60,-26,-20,-15,6,6,21,21,26,21,22,24,18,8,10,0,0,-35,-21,-70,0,-12,-14,-14,-14,-14,-13,-23,-30,-28,0,0,0,0,0,0,95,0,0,0,0,0,0]} 1. d4 Nf6 2. c4 e6 3. Nc3 Bb4 4. Qc2 c5 5. dxc5 O-O 6. a3 Bxc5 7. Nf3 b6 8. Bf4 Bb7 9. Rd1 Nc6 {[%cal Bb8c6,Bc6e7,Be7g6][%mdl 32]} 10. e3 {E39: Nimzo-Indian: Classical: 4...c5 5 dxc5 0-0} (10. b4 {is interesting.} Nh5 11. Bc1 Be7 12. e4 Qc7 13. Be2) (10. b4 Nh5 11. Bc1 Be7 12. e4 a6 13. Be2 Qc7 14. O-O Nf6 15. g3 Rac8 16. Rfe1 d6 17. Bf4 Nd7 {½-½ (56) Miljkovic,M (2478)-Jakovenko,D (2748) Struga 2018}) 10... Re8 11. Be2 Rc8 12. O-O {White is slightly better.} h6 13. Bd6 $146 (13. h3 $14) ({Predecessor:} 13. Ne5 Nxe5 14. Bxe5 Nh7 {1-0 (43) Forintos,G (2490)-Rigo,J Budapest 1976}) 13... Bxd6 $11 14. Rxd6 Ne7 15. e4 Ng6 16. Rfd1 Qc7 17. e5 Ng4 18. Rxd7 Qb8 19. R7d4 (19. Ne4 {is more complex.} N4xe5 20. Rxb7 Qxb7 21. Nd6 Qc7 22. Nxe5 Nxe5 23. Qe4) 19... N4xe5 20. Ne4 {Black should prevent Nd6.} Rcd8 21. Nd6 Nxf3+ 22. gxf3 e5 (22... Rf8 $1 $15) 23. R4d2 Re6 24. Nxb7 Rxd2 25. Qxd2 {[#] Hoping for Nd8.} Qxb7 26. Qd7 Qxd7 27. Rxd7 {[%mdl 4096] Endgame KRB-KRN} Nf4 28. Kf1 Kf8 29. Rxa7 Rd6 {[#] aiming for ...Rd2.} 30. Ke1 Ng2+ 31. Kf1 Nf4 {And now ...Rd2 would win.The position is equal.} 32. Ke1 Ng2+ 33. Kf1 Nf4 {Accuracy: White = 49%, Black = 75%.} 1/2-1/2

[Event "Cairns Cup 2019"]
[Site "Saint Louis"]
[Date "2019.02.12"]
[Round "6.2"]
[White "Gunina, Valentina"]
[Black "Paehtz, Elisabeth"]
[Result "1-0"]
[WhiteElo "2501"]
[BlackElo "2466"]
[Annotator "TA"]
[PlyCount "175"]
[EventDate "2019.02.06"]
[EventType "tourn"]
[EventCountry "USA"]
[SourceTitle "playchess.com"]
[Source "ChessBase"]
[SourceQuality "1"]

{[%evp 12,175,35,22,18,0,-8,-11,-1,-30,-24,-22,-25,0,19,19,24,22,6,10,14,19,14,18,25,33,34,33,34,23,34,26,53,49,63,53,53,53,53,47,53,52,53,53,63,63,63,49,63,63,63,63,63,63,63,64,63,63,73,56,63,39,63,63,63,63,79,79,64,37,79,26,26,26,26,26,29,22,22,22,26,0,0,0,0,0,0,0,0,0,0,0,0,0,0,0,0,0,0,-8,0,0,8,8,8,8,8,8,30,30,8,8,30,0,0,0,412,308,426,420,395,403,402,352,1171,1086,1164,1061,1129,1080,1072,1022,1031,950,1041,924,2327,1399,2527,2177,6873,5505,29972,29975,29980,29981,29980,29982,29982,29977,29977,29978,29984,29985,29985,29986,29986,29987,29988,29989,29989,29984,29984,29985,29985,29986]} 1. d4 e6 2. c4 Bb4+ 3. Bd2 a5 4. Nf3 d6 5. g3 Nc6 6. Bg2 e5 7. O-O exd4 {A40: Unusual replies to 1 d4} 8. Bg5 f6 9. Bc1 Bc5 {The position is equal.} 10. b3 Nge7 11. Bb2 {[%cal Rf3d4]} Nf5 12. Na3 O-O 13. Nb5 Re8 {[#]} 14. Nfxd4 $146 ({Predecessor:} 14. a3 Kh8 15. Re1 {½-½ (60) Golod,V (2582)-Horvath,G (2431) Fuegen 2006}) 14... Nfxd4 15. Nxd4 Nxd4 16. Bxd4 Bxd4 17. Qxd4 Qe7 18. e3 Qe5 19. Qd2 Ra7 20. Rfe1 Be6 21. Rac1 Qc5 22. Bd5 c6 23. Bxe6+ Rxe6 24. Red1 Ra8 25. Qc3 Qe5 26. Qc2 Qc5 27. Rd4 Rd8 28. Rcd1 Rd7 29. Rh4 g6 30. Rhd4 Kg7 31. Qc3 Rde7 32. h4 h5 33. Qd2 {[%cal Rd4d6]} Rd7 34. Qb2 Rde7 35. Qc2 Rd7 36. Kh1 f5 37. Qc3 Kh7 38. Kg2 Kg8 39. a3 Kh7 40. R4d3 (40. b4 {seems wilder.} axb4 41. axb4 Qe5 42. Qd2 Rd8 43. Qd3) 40... Qa7 41. Qd4 ({White should play} 41. b4 $16) 41... Qxd4 $11 42. Rxd4 {[%mdl 4096] Endgame KRR-KRR} b6 43. Kf3 Kg7 44. b4 axb4 45. axb4 c5 46. bxc5 bxc5 47. Rd5 Re4 48. Rxc5 (48. Rc1 {looks sharper.} Kf6 49. Rd3 Ke7 50. Rb3 Ra7 51. Rb6) 48... dxc5 49. Rxd7+ {KR-KR} Kf6 50. Rd6+ Kf7 51. Ke2 {Strongly threatening Kd3.} Rxc4 52. Rd2 Ke6 53. Ra2 Rc1 54. Kd2 Rf1 55. Kd3 Rc1 56. Ra6+ Kf7 57. e4 fxe4+ 58. Kxe4 Re1+ 59. Kf4 Re2 60. f3 Rd2 61. Kg5 {Hoping for Rf6+.} c4 62. Rf6+ Ke7 63. Rxg6 {aiming for Rc6.} Rd5+ $2 {[%mdl 8192]} (63... Kd7 $1 $11 {and Black is okay.} 64. Ra6 (64. Kxh5 $2 Rd5+ 65. Kg4 c3 $19) 64... c3) 64. Kf4 $18 Rc5 {And now ...c3 would win.} 65. Rg5 Rc8 66. Rxh5 c3 67. Re5+ Kf6 $2 (67... Kd6 68. Re1 Rf8+ 69. Ke3 Kd5) 68. Re1 c2 69. Rc1 Rc4+ 70. Ke3 Rc3+ {[#]} 71. Ke4 $1 Kg6 72. g4 Kh6 73. f4 Rc4+ 74. Ke5 Rc3 75. f5 Rc4 76. g5+ Kh5 77. f6 {White mates.} Kg6 {[#]} 78. h5+ $1 Kxg5 (78... Kxh5 79. f7) 79. f7 Rc5+ 80. Kd6 Rf5 81. Ke6 Rf2 {[#]} 82. Rxc2 $1 {[%mdl 576] Promotion} Rxc2 83. f8=Q {KQ-KR} Re2+ 84. Kd5 Rd2+ 85. Ke4 Re2+ 86. Kd3 Re6 87. Qg8+ Kf5 88. Qc8 {Accuracy: White = 68%, Black = 47%.} 1-0

[Event "Cairns Cup 2019"]
[Site "Saint Louis"]
[Date "2019.02.12"]
[Round "6.3"]
[White "Harika, Dronavalli"]
[Black "Abdumalik, Zhansaya"]
[Result "1-0"]
[WhiteElo "2471"]
[BlackElo "2468"]
[Annotator "TA"]
[PlyCount "157"]
[EventDate "2019.02.06"]
[EventType "tourn"]
[EventCountry "USA"]
[SourceTitle "playchess.com"]
[Source "ChessBase"]
[SourceQuality "1"]

{[%evp 17,157,20,27,15,20,22,17,19,17,0,0,0,0,2,22,21,14,14,42,4,43,0,0,0,15,15,25,21,26,0,5,0,2,0,0,0,0,0,34,16,31,0,0,16,6,0,9,4,25,9,18,9,21,28,29,21,39,0,25,25,23,20,20,20,21,0,15,0,24,0,25,-19,-28,-27,-10,-11,-7,-25,-21,-114,-73,-66,-64,-84,-73,-92,-92,-92,-66,-66,-75,-155,-179,-169,-160,-179,-210,-247,-240,-245,-248,-237,-235,-347,-332,-291,-226,-198,-46,-62,0,0,0,0,0,0,677,356,29983,29984,29984,0,0,0,29983,29984,29989,29990,29991,29992,29992,29991,29992,29991,29991,29992,29992,29993,29993,29991,29994,29995]} 1. e4 e5 2. Nf3 Nc6 3. Bc4 Bc5 4. d3 Nf6 5. c3 a6 6. O-O d6 7. Re1 Ba7 8. Bb3 O-O 9. h3 Be6 10. Nbd2 {[%cal Bb1d2,Bd2f1,Bf1e3,Be3f5][%mdl 32] C54: Giuoco Piano: 4 c3 Nf6, main lines with 5 d4 and 5 d3} Bxb3 11. Qxb3 Qd7 12. Nf1 {The position is equal.} h6 13. Be3 Bxe3 14. Nxe3 Rfe8 15. Rad1 Rab8 16. Nh2 Ne7 17. Nhg4 {[#]} Nh7 $146 ({Predecessor:} 17... Nxg4 18. hxg4 {½-½ (49) Adams,M (2729)-Grischuk,A (2715) Moscow 2007}) 18. d4 Ng6 19. Nf5 h5 20. Nh2 Ng5 21. f3 Ne6 22. h4 Qb5 23. Qxb5 (23. Qc2 {seems wilder.} Ne7 24. Nxe7+ Rxe7 25. d5 Nc5 26. Nf1) 23... axb5 24. a3 Ngf8 25. Nf1 Ra8 26. Rd2 g6 27. N5e3 Kg7 28. Red1 Ra4 29. Nc2 f6 30. Nfe3 Kf7 31. g3 Raa8 32. Kf2 Red8 33. Nb4 Re8 34. Nbd5 c6 {White must now prevent ...exd4.} 35. Nb4 {Strongly threatening d5.} Ng7 36. Nbc2 Ke7 37. Nb4 Red8 38. c4 bxc4 39. Nxc4 Ne8 40. Nb6 Ra5 41. Nc4 Raa8 42. Nb6 Ra5 43. Nc4 Raa8 44. f4 {[%cal Rd4e5]} exd4 45. Rxd4 Ne6 46. R4d2 f5 47. e5 {[%cal Re5d6]} d5 48. Ne3 (48. Nb6 $11) 48... Nc5 49. Kg2 Nc7 50. Rc2 Ne4 51. Nf1 Ne6 52. Rcc1 Rd7 53. Nd2 Rad8 54. Nd3 (54. Nc2 $142) 54... c5 $1 $17 55. Nf2 b5 56. Nf3 Rb7 57. Ng5 N4xg5 58. fxg5 c4 59. Nh3 b4 60. axb4 (60. Rc2 {was worth a try.}) 60... Rxb4 $19 61. Rd2 d4 62. Nf4 Nc5 $2 (62... Nxf4+ $19 63. gxf4 d3) 63. Ra1 $1 $15 (63. Nxg6+ $2 Kf7 $19) 63... Rb7 ({Black should play} 63... d3 $15 64. Ra7+ Ke8) 64. Rc2 $1 $11 (64. Nxg6+ $2 Kf7 $19) 64... d3 65. Rxc4 (65. Nxg6+ $2 Kf7 $19) 65... Rxb2+ 66. Kf3 Ne4 $2 {[%mdl 8192]} (66... d2 $11) 67. Rc7+ Ke8 $2 {[#]} (67... Rd7 $18 68. Rxd7+ (68. Nxg6+ Kd8 $18) 68... Kxd7 69. e6+ (69. Nxd3 Rb3 $11) (69. Nxg6 d2 $17) 69... Kc6 70. Ra6+ (70. Nxd3 Rb3 $18) 70... Kc7 71. Ra7+ (71. Nxg6 d2 $11) 71... Kc6) 68. Raa7 $1 Nd2+ 69. Kg2 Ne4+ 70. Kf3 Nd2+ $1 {[#]} 71. Kf2 $1 {White mates.} Nc4+ 72. Kg1 Rb1+ 73. Kh2 Rb6 74. Re7+ Kf8 75. Rf7+ Kg8 76. Rg7+ Kh8 77. Rh7+ Kg8 78. Rag7+ Kf8 79. e6 {Accuracy: White = 54%, Black = 55%.} 1-0

[Event "Cairns Cup 2019"]
[Site "Saint Louis"]
[Date "2019.02.12"]
[Round "6.4"]
[White "Dzagnidze, Nana"]
[Black "Zatonskih, Anna"]
[Result "1-0"]
[WhiteElo "2513"]
[BlackElo "2428"]
[Annotator "TA"]
[PlyCount "143"]
[EventDate "2019.02.06"]
[EventType "tourn"]
[EventCountry "USA"]
[SourceTitle "playchess.com"]
[Source "ChessBase"]
[SourceQuality "1"]

{[%evp 12,143,-1,-5,8,-4,-6,-10,-17,-52,-16,-25,-16,-26,-19,-49,-27,-79,-63,-55,-70,-58,-26,-41,-25,-26,-33,-30,-25,-31,-27,-24,-29,-22,-18,-33,-9,-25,-26,-25,0,0,0,-17,-7,-61,-54,-60,-52,-50,-61,-78,-26,-114,20,20,19,20,278,265,257,-422,-412,-1549,2419,533,585,622,571,0,0,0,0,0,0,0,0,0,0,0,0,0,0,0,0,0,229,117,230,229,287,301,209,456,446,456,442,418,418,473,524,486,846,835,7191,6590,29978,29978,29978,29979,29983,29984,29984,29985,29985,29986,29988,29989,29989,29990,29990,29991,29991,29988,29989,29987,29990,29991,29991,29992,29992,29992,29997,29996]} 1. d4 d5 2. Bf4 Nf6 3. e3 e6 4. Nd2 Bd6 5. Bg3 b6 6. Ngf3 O-O 7. Bd3 Ba6 {D02: 1 d4 d5 2 Nf3 sidelines, including 2...Nf6 3 g3 and 2...Nf6 3 Bf4} 8. Qe2 (8. c4 c5 9. dxc5 bxc5 10. a3 h6 11. O-O Bxg3 12. hxg3 Nbd7 13. Qc2 Qe7 14. Rfe1 e5 15. e4 {½-½ (68) Korobov,A (2699)-L'Ami,E (2643) Wijk aan Zee 2019}) 8... Bxd3 9. cxd3 c5 {The position is equal.} 10. e4 $146 {Hoping for e5.} ({Predecessor:} 10. Ne5 cxd4 11. exd4 Qe7 12. O-O Nfd7 13. Rac1 f6 14. Nc6 Nxc6 15. Rxc6 Bxg3 16. Rxe6 Bxh2+ 17. Kxh2 {½-½ (65) Makela,R-Rahikainen,S Helsinki 1994}) 10... Be7 11. O-O Nc6 12. dxc5 bxc5 13. Rac1 Qb6 14. Nb3 (14. exd5 $11 exd5 15. Nb1) 14... Nb4 15. Ra1 Rfd8 16. Bh4 Kf8 17. e5 Nd7 18. Bxe7+ $1 Kxe7 19. d4 c4 20. Nc1 $1 Rdc8 21. Qd2 h6 22. Ne2 Rab8 23. Rfb1 a5 24. b3 {Threatens to win with bxc4.} Qa6 25. Ne1 Nb6 26. Nc3 Nc6 27. Nc2 Kf8 28. b4 (28. f4 $11) 28... axb4 29. Nxb4 Nxb4 30. Rxb4 Nd7 31. Rab1 Qa3 (31... Rxb4 $17 32. Rxb4 Qa7) 32. Rb7 (32. Nb5 $11 {keeps the balance.} Qd3 33. R4b2) 32... Ke7 (32... Rxb7 $17 33. Rxb7 Rb8) 33. Nb5 $11 c3 34. Qc2 (34. Nxa3 $2 {loses.} cxd2 35. Rd1 Rc1 $19) 34... Qa5 $2 {[%mdl 8192]} (34... Qa6 $11 35. Rxb8 Rxb8 36. Nxc3 Qc4 37. Rxb8 Nxb8) 35. Nd6 $18 Rh8 {If only Black now had time for ...Rxb7....} 36. Qe2 $4 {[%mdl 8192]} ({Don't play} 36. R1b5 $6 Rxb7 37. Rxa5 Rb2 $18) (36. h3 $18 {avoids the disaster.}) 36... Rxb7 $19 37. Rxb7 {[#]} (37. Nxb7 $142 Qa4 38. Nd6 Qxd4 39. Nb5) 37... Qa3 $4 {[%mdl 8192] [#]} (37... c2 $1 $19 {[%mdl 512]} 38. Qf1 (38. Qxc2 Qe1#) 38... Qc3) 38. g3 (38. Rxd7+ $142 $1 {[%mdl 512]} Kf8 (38... Kxd7 39. Qb5+) 39. Rd8+ Ke7 40. Rxh8 Qc1+ 41. Qf1 Qxf1+ 42. Kxf1) 38... Rb8 39. Rxb8 Nxb8 {[#]} 40. Qh5 $2 (40. Qf3 $1 $18 {[%cal Rf3f7]} Kd8 41. Qxf7 {[%mdl 64] Double Attack}) 40... Qc1+ $11 41. Kg2 g6 42. Qf3 f5 {...Qb2 is the strong threat.} 43. Nb5 $36 {[%mdl 2048] White has the initiative.} Nc6 $1 44. Nxc3 Nxd4 45. Qd3 Nc2 {( -> ...Ne1+)} 46. Nxd5+ exd5 47. Qxd5 Ne1+ 48. Kh3 $1 {Black must now prevent Qd6+.} Qg5 $2 (48... Qc7 $11 {and Black has nothing to worry.}) 49. Qd6+ (49. Qd1 $18) 49... Ke8 (49... Kf7 $16 50. e6+ Kg8 51. Qb8+ Kh7 52. Qc7+ Kg8 53. Qb8+ Kh7 54. Qc7+ Kg8 55. Qb8+) 50. Qd1 $18 f4 51. Qxe1 {[%mdl 4096] Endgame KQ-KQ} Qh5+ (51... Qf5+ $142 52. Kg2 f3+ 53. Kg1 Qc2) 52. Kg2 f3+ 53. Kg1 Qh3 {[%csl Gf3][%cal Rh3g2]} 54. Qf1 Qd7 55. Qb1 Qc6 {[#]} 56. a4 $1 {[%cal Ba2a4,Ba4a5][%mdl 32] Strongly threatening Qb5.} Kf7 (56... Ke7 $142 57. a5 Qa4 58. Qb7+ Ke6 59. Qxf3 Qxa5 60. Qf6+ Kd7 61. Qf7+ Kd8 62. Qxg6 Qe1+ 63. Kg2 Qxe5 64. Qxh6 Qe4+ 65. Kf1 Qh1+ 66. Ke2 Qe4+ 67. Qe3 Qg4+ 68. f3 Qh3 69. Qg5+ Ke8 70. Qe5+ Kf7 71. Qf4+ Ke7 72. Qh4+ Qxh4 73. gxh4 Kd8) (56... Qxa4 57. Qxg6+) 57. a5 h5 58. h4 Qc5 59. Qb7+ {White mates.} Kg8 60. Qa8+ Kh7 61. Qxf3 Qxa5 62. Qf7+ Kh6 63. e6 g5 64. Qf6+ Kh7 65. hxg5 Qe1+ 66. Kh2 h4 67. Qf5+ Kg7 68. gxh4 Qe2 69. Qf6+ Kh7 70. e7 Qh5 {[#]} 71. g6+ $1 Kh6 (71... Qxg6 72. Qxg6+) 72. Qf4+ {Accuracy: White = 59%, Black = 38%.} 1-0

[Event "Cairns Cup 2019"]
[Site "Saint Louis"]
[Date "2019.02.12"]
[Round "6.5"]
[White "Sebag, Marie"]
[Black "Khotenashvili, Bela"]
[Result "1/2-1/2"]
[WhiteElo "2476"]
[BlackElo "2491"]
[Annotator "TA"]
[PlyCount "64"]
[EventDate "2019.02.06"]
[EventType "tourn"]
[EventCountry "USA"]
[SourceTitle "playchess.com"]
[Source "ChessBase"]
[SourceQuality "1"]

{[%evp 16,64,3,5,12,13,13,13,15,0,2,2,2,1,-1,2,8,0,21,0,0,0,0,0,0,0,0,0,29,20,18,14,14,15,18,0,0,0,0,0,0,0,0,0,0,0,1,0,0,0,2]} 1. e4 e5 2. Nf3 Nc6 3. Nc3 Nf6 4. d4 exd4 5. Nxd4 Bb4 6. Nxc6 bxc6 7. Bd3 O-O 8. O-O d5 9. Bd2 Rb8 {C47: Scotch Four Knights and Four Knights with 4 g3} (9... Bg4 10. Qc1 Re8 11. Nxd5 Nxd5 12. exd5 Bxd2 13. Qxd2 cxd5 14. Qf4 Be6 15. b4 c6 16. a4 Qb8 17. Qh4 {½-½ (38) Nepomniachtchi,I (2763)-Svidler,P (2737) St Petersburg 2018}) 10. Re1 Ng4 {[#] aiming for ...Qh4.} 11. h3 Ne5 12. Bf4 $146 (12. exd5 {keeps more tension.} Nxd3 13. cxd3 cxd5 14. b3 Be6 15. Na4) ({Predecessor:} 12. Bf1 Ng6 13. a3 Be7 14. Rb1 Be6 15. Qh5 d4 16. Na4 f5 17. b4 fxe4 {0-1 (41) Molander,R (2353)-Hebden,M (2521) Cork 2005}) 12... Bd6 13. Bxe5 Bxe5 14. exd5 Bxc3 $1 15. bxc3 cxd5 16. Qf3 Qg5 17. Re2 Rb6 18. Rae1 Rf6 19. Qe3 Qxe3 20. Rxe3 Rc6 21. Re5 Rxc3 22. Rxd5 c5 {The position is equal.} 23. Re7 Be6 24. Re5 c4 25. Bf5 Bxf5 26. Rxf5 Rxc2 27. Rxa7 $11 {[%mdl 4096] Endgame KRR-KRR} g6 28. Rf4 f5 29. Rc7 Rf7 30. Rc8+ Rf8 31. Rc7 Rf7 32. Rc8+ Rf8 {Accuracy: White = 53%, Black = 75%.} 1/2-1/2

[Event "Cairns Cup 2019"]
[Site "Saint Louis"]
[Date "2019.02.13"]
[Round "7.1"]
[White "Kosteniuk, Alexandra"]
[Black "Harika, Dronavalli"]
[Result "1/2-1/2"]
[WhiteElo "2532"]
[BlackElo "2471"]
[Annotator "TA"]
[PlyCount "96"]
[EventDate "2019.02.06"]
[EventType "tourn"]
[EventCountry "USA"]
[SourceTitle "playchess.com"]
[Source "ChessBase"]
[SourceQuality "1"]

{[%evp 17,96,10,52,0,0,0,21,19,25,23,27,0,2,2,2,0,4,0,13,-34,-35,-50,-50,-50,-49,-54,-54,-58,-57,-58,-56,-57,-47,-70,-73,-70,-70,-70,-70,-83,-83,-83,-83,-83,-83,-83,-83,-83,-83,-83,-83,-83,-83,-83,-83,-83,-83,-98,-90,-98,-98,-98,-98,-98,-98,-98,-98,-98,-98,-98,-98,-98,-98,-98,-36,-98,-69,-69,-69,-98,-83]} 1. e4 e6 2. d4 d5 3. Nc3 Bb4 4. e5 c5 5. a3 Bxc3+ 6. bxc3 Ne7 7. a4 Qa5 8. Qd2 Nbc6 9. Nf3 f6 10. Bd3 {C19: French: 3 Nc3 Bb4: Main line: 7 Nf3 and 7 a4} (10. Bb5 $14) (10. Bb5 Bd7 11. exf6 gxf6 12. O-O O-O-O 13. Ba3 cxd4 14. Nxd4 e5 15. Nb3 Qc7 16. Nc5 Rhg8 17. Rfb1 Nf5 18. Qxd5 {1-0 (44) Felgaer,R (2593)-Rustemov,A (2573) Dos Hermanas 2005}) 10... fxe5 $11 11. Nxe5 cxd4 12. Nxc6 {The position is equal.} Nxc6 13. cxd4 Qxd2+ 14. Kxd2 O-O 15. Ke3 e5 16. dxe5 Nxe5 17. f3 $146 Bd7 18. Re1 Rae8 $36 {[%mdl 2048] Black has some pressure.} 19. Kd2 {[#]} Rxf3 $1 {[%mdl 512] Strongly threatening ...Rf2+.} 20. Rxe5 (20. gxf3 Nxf3+) 20... Rxd3+ $1 21. cxd3 Rxe5 $15 {[%mdl 4096] Endgame KRB-KRB} 22. Rb1 Bc6 23. Rb4 d4 24. Rxd4 Ra5 25. Bb2 Rxa4 26. Rxa4 Bxa4 {KB-KB} 27. Bd4 a6 28. h4 Kf7 29. Kc3 g6 30. Bb6 Ke6 31. Kb4 Bc6 32. g3 Kd5 33. Ka5 Bd7 34. d4 Kc4 35. Bc5 b5 36. Be7 Bc8 37. Bc5 Bb7 38. Be7 Kxd4 39. Bb4 Ke5 40. Bc5 Ke6 (40... Kf5 {feels hotter.} 41. Kb6 Bc8 42. Bd6 Kg4 43. Kc7 Kh3) 41. Bb4 Kf5 42. Bc5 Kg4 43. Bd6 Bc8 44. Bc7 Kf3 45. Bd6 Bb7 (45... Ke4 $17 46. Kb4 Bg4) 46. Bc7 ({Better is} 46. Kb6 $15) 46... Be4 47. Bd6 Bd3 48. Kb4 Be2 {Accuracy: White = 64%, Black = 71%.} 1/2-1/2

[Event "Cairns Cup 2019"]
[Site "Saint Louis"]
[Date "2019.02.13"]
[Round "7.2"]
[White "Zatonskih, Anna"]
[Black "Gunina, Valentina"]
[Result "0-1"]
[WhiteElo "2428"]
[BlackElo "2501"]
[Annotator "TA"]
[PlyCount "96"]
[EventDate "2019.02.06"]
[EventType "tourn"]
[EventCountry "USA"]
[SourceTitle "playchess.com"]
[Source "ChessBase"]
[SourceQuality "1"]

{[%evp 11,96,20,25,22,20,22,20,30,21,22,24,0,24,22,39,39,29,18,24,26,29,18,29,27,30,27,35,46,26,0,0,0,6,0,6,-6,23,0,0,-39,-29,-90,-52,-47,-39,-28,-30,-38,-9,-25,-22,-20,0,0,0,0,0,0,0,0,0,-27,-13,-46,-12,-100,-100,-100,-69,-76,-9,-130,-131,-151,-155,-171,-171,-5073,-2235,-2162,-1231,-29977,-29978,-29964,-29943,-5165,-5097]} 1. d4 Nf6 2. c4 e6 3. Nf3 c5 4. e3 d5 5. cxd5 exd5 6. Bb5+ Bd7 7. Bxd7+ {D30: Queen's Gambit Declined: Systems without Nc3} Qxd7 (7... Nbxd7 8. O-O c4 9. a4 a6 10. a5 Bd6 11. b3 Rc8 12. bxc4 dxc4 13. Qa4 O-O 14. Ba3 b5 15. axb6 Nxb6 {½-½ (50) Carlsen,M (2837)-Ding,L (2774) Saint Louis 2017}) 8. dxc5 Bxc5 9. O-O {The position is equal.} O-O 10. b3 Nc6 11. Bb2 Ne4 12. Nc3 Rad8 $146 ({Predecessor:} 12... Rfd8 13. Nb5 a6 14. Nbd4 Nxd4 15. Nxd4 Rac8 16. Rc1 Bd6 17. Ne2 Rxc1 18. Nxc1 Qf5 19. Ne2 Qh5 20. Ng3 Nxg3 {½-½ (20) Bartos,J (2293)-Medunova,V (2209) Brno 2005}) 13. Rc1 Qe7 14. Re1 (14. Nxd5 Qe6 $15) 14... a6 15. Qc2 Nb4 16. Qb1 f5 17. a3 Nc6 18. b4 Ba7 19. Rcd1 Qf7 20. b5 axb5 21. Nxb5 Bb8 22. Nc3 h6 23. Qc2 g5 24. g3 Rd7 25. Nd4 (25. Rf1 {seems wilder.} Rc7 26. Qb3 Rd7 27. Qc2) 25... Nxd4 26. Rxd4 (26. exd4 $11 Rc8 27. Qb3) 26... Be5 {Strongly threatening ...Rc8.} 27. Nxe4 Bxd4 ({Don't play} 27... fxe4 28. Rd2 $11) 28. Nxg5 $1 hxg5 29. Bxd4 Rc7 30. Qd2 Re8 31. Rb1 Kh7 32. Rb5 Rec8 33. Bb2 Rc5 34. Rxc5 Rxc5 $11 {[%mdl 4096] Endgame KQR-KQB} 35. Qd4 Rc4 36. Qe5 Re4 $36 {[%mdl 2048] Black has good play.} 37. Qh8+ Kg6 38. h4 (38. Be5 $11) 38... gxh4 $17 39. gxh4 {Hoping for h5+.} f4 40. exf4 $1 Re8 ({But not} 40... Re1+ 41. Kg2 $11) (40... Rxf4 $17 41. Bc1 (41. h5+ Kf5 $17) 41... Rc4) 41. Qc3 (41. h5+ $11 Kf5 42. Qc3) 41... Kh6 {[%mdl 1024] Black has strong compensation.} 42. Kf1 {[#]} Qg6 $1 43. Qg3 Kh7 44. Be5 $2 {[#]} (44. Qxg6+ Kxg6 45. Kg2) 44... Qb1+ $1 $19 45. Ke2 Qc2+ 46. Ke3 {[#]} d4+ $1 {[%mdl 512]} 47. Kf3 (47. Kxd4 Rd8+) 47... Qd3+ {[%mdl 64] Double Attack} 48. Kg2 Rg8 {Accuracy: White = 51%, Black = 56%.} 0-1